Využitie viackolónových zostáv v plynovej chromatografii na analýzu vybraných prchavých zlúčenín prítomných v potravinách a poživatinách

Na minha lista:
Detalhes bibliográficos
Autor principal: Pastirčiková, Lucia
Formato: Software Livro
Idioma:eslovaco
Publicado em: Bratislava STU FCHPT 2010
Acesso em linha:View in OPAC
Tags: Adicionar Tag
Sem tags, seja o primeiro a adicionar uma tag!

MARC

LEADER 00000nam a2200000 a 4500
005 20260127134301.0
007 co ugu
008 101005 2010 xo 000 0 slo d
035 |a vtls010175194 
039 9 |y 201010050922  |z mschk03 
040 |a STUSCHK1  |b slo  |c STUSCHK1  |e AACR2 
100 1 |a Pastirčiková, Lucia 
245 1 |a Využitie viackolónových zostáv v plynovej chromatografii na analýzu vybraných prchavých zlúčenín prítomných v potravinách a poživatinách  |c Lucia Pastirčiková 
260 |a Bratislava  |b STU FCHPT  |c 2010 
300 |a 1 elektronický disk 
500 |a Obháj.: 24.8. 2010 
500 |a Študijný program: chémia a medicínska chémia 
500 |a Študijný odbor: 4.1.14 chémia 
500 |a Bakalárska práca na CD-ROMe 
500 |a FCHPT, Oddelenie analytickej chémie 
500 |a Evidenčné číslo: 5427-40672 
910 |a SCHK95 
999 |c 8745  |d 8745